| 000 | 00825nam a2200241 a 4500 | ||
|---|---|---|---|
| 001 | 000012959 | ||
| 005 | 20200929163117.0 | ||
| 008 | 890613s1987 ck b 000 0 spa | ||
| 020 | _a9586080609 | ||
| 035 | _a(DLC) 89151472 | ||
| 040 |
_aDO-SdBNP _cDLC _dDLC _dBNPHU |
||
| 082 |
_a345.02323 _bV436j |
||
| 100 | 1 |
_aVélez Bustillo, Eduardo. _929866 |
|
| 245 | 1 | 0 |
_aJueces y justicia en Colombia / _cEduardo Vélez B., Patricia Gémez de León, Jaime Giraldo A. |
| 260 |
_aBogota, (Colombia) : _bInstituto Ser de Investigación, _c1987. |
||
| 300 |
_a145 p. ; _c23 cm. |
||
| 650 | 4 |
_aJueces _zColombia _929867 |
|
| 650 | 0 |
_aAdministracion de justicia _zColombia _929868 |
|
| 700 | 1 |
_aGómez de León, Patricia. _929869 |
|
| 700 | 1 |
_aGiraldo Ángel, Jaime. _929870 |
|
| 910 | _aCatalogación por copia / LC | ||
| 049 | _aBNGR | ||
| 999 |
_c12607 _d12607 |
||